[Event "OS INCLIVEIS"]
[Site "http://www.queenalice.com/game.php?id=1142826"]
[Date "2013.1.20"]
[Round "-"]
[White "adelio"]
[Black "FrancisJP2012"]
[Result "1-0"]
[WhiteElo "1777"]
[BlackElo "1651"]

1. d4 d5 2. e4 Nf6 3. e5 Ne4 4. f3 Ng5 5. Bxg5 h6 6. Bc1 f6 7. f4 e6 8. Qh5+ Kd7
9. Nc3 Bb4 10. Bd2 Nc6 11. Bb5 a6 12. Bxc6+ bxc6 13. a3 Bxc3 14. Bxc3 Rf8 15.
Bb4 Rg8 16. Qf7+ Qe7 17. Qxe7# 1-0

[Event "Challenge"]
[Site "http://www.queenalice.com/game.php?id=1143824"]
[Date "2013.1.22"]
[Round "-"]
[White "askasl159"]
[Black "FrancisJP2012"]
[Result "1-0"]
[WhiteElo "1736"]
[BlackElo "1496"]

1. e4 e5 2. f4 Nf6 3. d3 Nc6 4. Nf3 Bc5 5. b3 d6 6. h3 Be6 7. fxe5 dxe5 8. Bb2
Bd4 9. Bxd4 exd4 10. c3 Qd6 11. Qe2 Nd7 12. Qf2 f6 13. cxd4 f5 14. e5 Qb4+ 15.
Nbd2 O-O-O 16. Be2 Rde8 17. O-O h6 18. Nc4 b5 19. Nb2 g5 20. Rac1 Na5 21. Rc2 g4
22. hxg4 fxg4 23. Nh4 Ref8 24. Qe1 Qxe1 25. Rxe1 Rf7 26. Nd1 h5 27. Nf2 g3 28.
Ne4 Rg7 29. Rf1 a6 30. Nc5 Bg4 31. Nxa6 Rh6 32. Bxg4 hxg4 33. Nf5 Rgg6 34. Nxh6
Rxa6 35. Nxg4 Rc6 36. Rxc6 Nxc6 37. Rf3 Nxd4 38. Re3 Nc5 39. b4 Na6 40. e6 Nxe6
41. Rxe6 Nxb4 42. Ne5 Nxa2 43. Rg6 Nc3 44. Nc6 Ne2+ 45. Kf1 Nf4 46. Rxg3 Kd7 47.
Ne5+ Kc8 48. Rf3 Nd5 49. d4 Nb4 50. Rb3 Nc2 51. d5 Nd4 52. Rg3 b4 53. Nd3 b3 54.
Nc5 Kb8 55. Nxb3 Nxb3 56. Rxb3+ Kc8 57. g4 Kd8 58. Rc3 Kd7 59. Rc6 Ke7 60. Rxc7+
Kd8 61. Rf7 Ke8 62. Rf6 Kd8 63. Re6 Kc7 64. g5 Kb7 65. g6 Ka7 66. g7 Kb7 67.
g8=Q Ka7 68. Qf7+ Ka8 69. Re8# 1-0

[Event "Challenge"]
[Site "http://www.queenalice.com/game.php?id=1152190"]
[Date "2013.2.15"]
[Round "-"]
[White "sondinho"]
[Black "FrancisJP2012"]
[Result "0-1"]
[WhiteElo "1100"]
[BlackElo "1496"]

1. e4 d5 2. Nc3 e6 3. Bb5+ c6 4. Ba4 b5 5. d4 Qd6 6. Nf3 Nf6 7. Bxb5 cxb5 8.
Nxb5 Qb4+ 9. c3 Qxb5 10. exd5 Nxd5 11. b4 Nc6 12. Bf4 Nxf4 13. Nh4 Be7 14. Qg4
Nd3+ 15. Kd1 Nxf2+ 16. Kc1 Nxg4 17. h3 Qg5+ 18. Kb2 Qd2+ 19. Kb3 Bxh4 20. hxg4
Bg5 21. b5 Na5+ 22. Kb4 Bd8 23. Raf1 Qd3 24. Rf3 Qe2 25. Rh5 g6 26. Rc5 Qb2+ 27.
Ka4 Bd7 28. c4 Rb8 29. Rf6 Qxa2+ 30. Kb4 Nb3 31. Re5 Ba5# 0-1

[Event "Challenge"]
[Site "http://www.queenalice.com/game.php?id=1155966"]
[Date "2013.2.27"]
[Round "-"]
[White "dejami"]
[Black "FrancisJP2012"]
[Result "1-0"]
[WhiteElo "1614"]
[BlackElo "1485"]

1. e4 e5 2. Qf3 Nf6 3. c3 d6 4. d4 Bg4 5. Qd3 Nc6 6. Qb5 Qb8 7. d5 a6 8. Qd3 b5
9. f3 Ne7 10. fxg4 Nxg4 11. Nh3 h6 12. Be2 Nf6 13. b4 g5 14. Nf2 c6 15. dxc6
Nxc6 16. h3 Qa7 17. Qf3 Be7 18. Be3 Qd7 19. Nd3 Qe6 20. Qf2 O-O 21. Nd2 Qc4 22.
Nxc4 bxc4 23. Nb2 Nxe4 24. Qf3 d5 25. Rd1 Nxc3 26. a3 a5 27. b5 e4 28. Qh5 Nxb5
29. Rxd5 c3 30. Bxb5 cxb2 31. Kf2 Rac8 32. Qxh6 f6 33. Qg6+ Kh8 34. Qxe4 Kg7 35.
Bxc6 Rf7 36. Bd4 Rxc6 37. Rf5 a4 38. Qxc6 Bxa3 39. Bxf6+ Kf8 40. Qc8# 1-0

[Event "Challenge"]
[Site "http://www.queenalice.com/game.php?id=1167328"]
[Date "2013.4.2"]
[Round "-"]
[White "sondinho"]
[Black "FrancisJP2012"]
[Result "0-1"]
[WhiteElo "921"]
[BlackElo "1467"]

1. d3 d5 2. Nf3 e6 3. Ne5 Nf6 4. Nc3 Nc6 5. Nb5 Nxe5 6. Bg5 c6 7. Nd4 Bb4+ 8. c3
Bc5 9. Nb3 d4 10. Nxc5 Qb6 11. cxd4 Ned7 12. Na4 Qa5+ 13. Nc3 e5 14. e3 O-O 15.
Qf3 Nb6 16. a3 Bg4 17. Qg3 c5 18. Qxe5 Rae8 19. Qc7 cxd4 20. Qxb7 dxc3 21. Rc1
cxb2+ 22. Rc3 Qxc3# 0-1

[Event "OS INCLIVEIS"]
[Site "http://www.queenalice.com/game.php?id=1185491"]
[Date "2013.5.28"]
[Round "-"]
[White "adelio"]
[Black "FrancisJP2012"]
[Result "1-0"]
[WhiteElo "1785"]
[BlackElo "1494"]

1. d4 d5 2. e4 e6 3. a3 a6 4. Nc3 Nf6 5. e5 Ne4 6. Nf3 Nc6 7. h4 h5 8. Be2 b5 9.
Nxe4 dxe4 10. Ng5 Qe7 11. Nxe4 Qd7 12. c3 f5 13. exf6 g6 14. Bg5 e5 15. d5 Nb8
16. c4 bxc4 17. Bxc4 Bd6 18. Qf3 O-O 19. Rd1 Qg4 20. Qxg4 Bxg4 21. f3 Bf5 22.
Bh6 Rf7 23. Bg7 Nd7 24. Ng5 Rxf6 25. Bxf6 Nxf6 26. Rf1 e4 27. f4 e3 28. b4 Ng4
29. Be2 Be4 30. Nxe4 Be7 31. Ng5 Nf6 32. Bc4 Kg7 33. d6 cxd6 34. Ne6+ Kh8 35. f5
gxf5 36. Rxf5 d5 37. Be2 a5 38. g3 axb4 39. Bxh5 bxa3 40. Ng5 Rb8 41. Nf7+ Kg7
42. Rg5+ Kf8 43. Ne5 Bb4+ 44. Ke2 Bc5 45. Rf5 Rb2+ 46. Kd3 Rb3+ 47. Kc2 Rb2+ 48.
Kc1 Rf2 49. Nd7+ Ke7 50. Rxf6 a2 51. Rxf2 exf2 52. Kb2 Kxd7 53. Kxa2 d4 54. Be2
Ke7 55. Rf1 d3 56. Bxd3 Kf6 57. Rc1 Be3 58. Rc6+ Ke5 59. Rc4 Bh6 60. Kb3 Kf6 61.
Re4 Kg6 62. g4 Bd2 63. Rf4+ Kg7 64. Rxf2 Be1 65. Rh2 Kf6 66. h5 Kg5 67. Bf5 Bg3
68. Rh3 Be5 69. h6 Kf4 70. h7 Bh8 71. Rd3 Kg5 72. Rd8 Bg7 73. Rg8 Kf6 74. h8=Q
Bxh8 75. Rxh8 Kg7 76. Rh5 Kf6 77. Bc8 Ke7 78. Rh6 Kf7 79. g5 Kg7 80. Rf6 Kh8 81.
Rf7 Kg8 82. g6 Kh8 83. Be6 Kg8 84. g7 Kh7 85. Rd7 Kh6 86. g8=Q Kh5 87. Rh7# 1-0

[Event "OS INCLIVEIS"]
[Site "http://www.queenalice.com/game.php?id=1191827"]
[Date "2013.6.17"]
[Round "-"]
[White "FrancisJP2012"]
[Black "adelio"]
[Result "1-0"]
[WhiteElo "1455"]
[BlackElo "1767"]

1. e4 e5 2. Nf3 f6 3. Nc3 a6 4. d3 g6 5. Be3 c5 6. g3 b6 7. Nd2 Ra7 8. f4 d6 9.
Nd5 b5 10. c4 h5 11. h3 f5 12. h4 fxe4 13. Nxe4 Bg4 14. Be2 Nd7 15. Qb3 Ndf6 16.
cxb5 Nxe4 17. dxe4 Bxe2 18. b6 Rb7 19. Kxe2 Rhh7 20. Rac1 Qd7 21. f5 gxf5 22.
exf5 Qxf5 23. Rhf1 Qg4+ 24. Kd2 Qxg3 25. Nf6+ Nxf6 26. Qe6+ Be7 27. Qc8+ Bd8 28.
Qe6+ Be7 29. Qc8+ Bd8 30. Rxf6 Qg2+ 31. Rf2 Qd5+ 32. Kc3 Rbd7 33. Rcf1 Rhf7 34.
Rxf7 Rxf7 35. Rxf7 Qxf7 36. b7 e4 37. Qc6+ Ke7 38. b8=Q Ba5+ 39. b4 Qf6+ 40. Kc2
cxb4 41. Qbe8# 1-0

[Event "sondinho"]
[Site "http://www.queenalice.com/game.php?id=1274590"]
[Date "2014.4.20"]
[Round "-"]
[White "FrancisJP2012"]
[Black "spawnwolfwolverine"]
[Result "0-1"]
[WhiteElo "1453"]
[BlackElo "1610"]

1. e4 e5 2. Nf3 d6 3. Nc3 Bg4 4. Nd5 Nf6 5. d3 Nxd5 6. exd5 c6 7. h3 Bxf3 8.
Qxf3 Qf6 9. c3 Qxf3 10. gxf3 Be7 11. f4 O-O 12. Be3 cxd5 13. fxe5 dxe5 14. Bg2
Rd8 15. O-O-O Nc6 16. f4 exf4 17. Bxf4 h6 18. h4 Bd6 19. Be3 Ne5 20. Bxd5 Ng4
21. Rhe1 Nxe3 22. Rxe3 Bf4 23. Bxb7 Bxe3+ 24. Kc2 Rab8 25. Be4 f6 26. b4 g5 27.
hxg5 Bxg5 28. d4 Kg7 29. d5 h5 30. Rh1 h4 31. a3 Re8 32. Kd3 a5 33. bxa5 Rb3 34.
a6 Rxa3 35. Rb1 Rxa6 36. Rb7+ Kf8 37. c4 h3 38. Rh7 Ra3+ 39. Kd4 Be3# 0-1

[Event "Challenge"]
[Site "http://www.queenalice.com/game.php?id=1289066"]
[Date "2014.6.18"]
[Round "-"]
[White "Gadou"]
[Black "FrancisJP2012"]
[Result "1-0"]
[WhiteElo "1504"]
[BlackElo "1468"]

1. e4 e5 2. d4 exd4 3. Qxd4 Nc6 4. Qd5 Nf6 5. Qc4 d5 6. exd5 Qxd5 7. f3 b5 8.
Qxb5 a6 9. Qe2+ Be7 10. Be3 O-O 11. Bf4 Qd7 12. h3 Nd5 13. Qd3 Bh4+ 14. g3 Bxg3+
15. Bxg3 Qe7+ 16. Ne2 Ndb4 17. Qd2 Bf5 18. Na3 Nxc2+ 19. Nxc2 Bxc2 20. Qxc2 Nb4
21. Qc3 Rfd8 22. Kf2 c5 23. Qe3 Kf8 24. Qxe7+ Kxe7 25. Bg2 Nd3+ 26. Ke3 Rd5 27.
f4 Rd7 28. Bxa8 Nxb2 29. Rab1 Nd3 30. Rhd1 c4 31. Nd4 g6 32. f5 gxf5 33. Bh4+ f6
34. Nxf5+ Ke6 35. Nd4+ Kf7 36. Rf1 Re7+ 37. Be4 Re6 38. Nxe6 Kxe6 39. Rxf6+ Ke5
40. Rxa6 Nc5 41. Bf6# 1-0

[Event "OS INCLIVEIS"]
[Site "http://www.queenalice.com/game.php?id=1290965"]
[Date "2014.6.27"]
[Round "-"]
[White "adelio"]
[Black "FrancisJP2012"]
[Result "1-0"]
[WhiteElo "1801"]
[BlackElo "1443"]

1. d4 d5 2. e4 e6 3. e5 Ne7 4. Be2 Nf5 5. g3 Nc6 6. c3 Nce7 7. h4 Bd7 8. h5 g5
9. Bxg5 h6 10. Bf6 Bg7 11. g4 Bxf6 12. exf6 Nc6 13. gxf5 exf5 14. Nd2 Qxf6 15.
Ndf3 Qe6 16. Nh3 Ne7 17. Nf4 Qd6 18. Ne5 Nc6 19. Qd2 f6 20. Nxd7 Kxd7 21. Rg1
Ne7 22. O-O-O c6 23. Rg7 Rag8 24. Rxe7+ Qxe7 25. Ng6 Qe4 26. f3 Qe6 27. Re1 Rh7
28. Bd3 Qd6 29. Bxf5+ Kd8 30. Nf4 Re7 31. Ne6+ Kd7 32. Nc5+ Kc7 33. Rxe7+ Qxe7
34. Qf4+ Kb6 35. Nd7+ Kb5 36. Bd3+ 1-0

[Event "Challenge"]
[Site "http://www.queenalice.com/game.php?id=1291268"]
[Date "2014.6.29"]
[Round "-"]
[White "eduardocosta"]
[Black "FrancisJP2012"]
[Result "1-0"]
[WhiteElo "1823"]
[BlackElo "1470"]

1. e3 e6 2. Be2 Be7 3. Nf3 Nf6 4. b3 Nc6 5. Bb2 e5 6. Bb5 Nb8 7. Nxe5 Ne4 8. Qg4
c6 9. Qxe4 cxb5 10. Qf4 Qc7 11. Qxf7+ Kd8 12. Qxg7 Bf8 13. Qxh8 d6 14. Qf6+ Qe7
15. Qxe7+ Bxe7 16. Nf3 1-0

[Event "Challenge"]
[Site "http://www.queenalice.com/game.php?id=1297920"]
[Date "2014.7.29"]
[Round "-"]
[White "Rogerio11"]
[Black "FrancisJP2012"]
[Result "0-1"]
[WhiteElo "1200"]
[BlackElo "1447"]

1. e4 e5 2. Bc4 Nf6 3. d3 d6 4. Bb5+ Bd7 5. c4 c6 6. Ba4 Bg4 7. Qd2 Bd7 8. b4 b5
9. cxb5 cxb5 10. Bb3 Nc6 11. Nc3 Nxb4 12. Nxb5 Bxb5 13. Ba3 Nc6 14. Nf3 d5 15.
exd5 Nd4 16. Bb2 Nd7 17. Nxd4 exd4 18. Bxd4 Bc5 19. Qe3+ Be7 20. Bxg7 Rg8 21.
Bd4 Qa5+ 22. Kd1 Qa6 23. a4 Rxg2 24. axb5 Qd6 25. Qf3 Rg5 26. h4 Rg8 27. Ra6 Qb8
28. Rh6 Qxb5 29. Bc4 Qa4+ 30. Kd2 Qb4+ 31. Ke3 a5 32. Rxh7 Nf8 33. Qxf7+ Kd7 34.
Rh6 Ng6 35. Rxg6 Rxg6 36. Qxg6 Qd6 37. Bb5+ Kc7 38. Qe4 Rb8 39. Ba4 Qh6+ 40. f4
Bd6 41. Rc1+ Kd8 42. Rc6 Qf8 43. Bb6+ Rxb6 44. Rxb6 Bc5+ 45. d4 Bxb6 46. Qe6
Qa3+ 47. Ke4 Qxa4 48. Qxb6+ Kc8 49. Qc5+ Kb7 50. d6 Qe8+ 51. Kd5 Qg8+ 52. Ke4
Qe8+ 53. Kd5 Qf7+ 54. Ke4 Qe8+ 55. Kd3 Qg6+ 56. f5 Qg3+ 57. Kc4 Qg8+ 58. Kb5
Qb3+ 59. Kxa5 Qa2+ 0-1

[Event "Challenge"]
[Site "http://www.queenalice.com/game.php?id=1318638"]
[Date "2014.10.28"]
[Round "-"]
[White "gobblemate"]
[Black "FrancisJP2012"]
[Result "0-1"]
[WhiteElo "1368"]
[BlackElo "1453"]

1. d4 d5 2. Nf3 f6 3. e3 c6 4. Bd3 Bg4 5. O-O g6 6. c4 e6 7. Nbd2 f5 8. h3 Bxf3
9. Nxf3 Nd7 10. Bd2 Qf6 11. cxd5 exd5 12. Rc1 Bd6 13. Qb3 b6 14. Bb4 a5 15. Ba3
Ne7 16. Bxd6 Qxd6 17. Rfe1 O-O 18. e4 a4 19. e5 axb3 20. exd6 Nc8 21. a3 Nxd6
22. Rxc6 Nb7 0-1

[Event "Challenge"]
[Site "http://www.queenalice.com/game.php?id=1318639"]
[Date "2014.10.28"]
[Round "-"]
[White "FrancisJP2012"]
[Black "gobblemate"]
[Result "1-0"]
[WhiteElo "1466"]
[BlackElo "1355"]

1. e3 d5 2. Nc3 e5 3. d4 Be6 4. Be2 Nd7 5. Nf3 e4 6. Nd2 Qg5 7. g3 c6 8. Nf1
Ngf6 9. f3 exf3 10. Bxf3 Bg4 11. h4 Qh5 12. Nd2 Bd6 13. e4 Bxg3+ 14. Kf1 Bxf3
15. Qxf3 Qxf3+ 16. Nxf3 Nxe4 17. Nxe4 dxe4 18. Ng1 h6 19. Be3 f5 20. Nh3 Bxh4
21. Nf4 O-O-O 22. Rxh4 1-0